00345 a2200109 4500001000700000040003500007100001800042240007900060245007400139362000900213440001300222153846 cEscola São Tomás de Aquino aVIGNA, Elvira10aA pontinha menorzinha do enfeitinho do fim do cabo de uma colherzinhalpor10aA pontinha menorzinha do enfeitinho do fim do cabo de uma colherzinha0 a1984 1aMiguilim